| 000 | 01192cam a2200373Ii 4500 | ||
|---|---|---|---|
| 001 | 453801 | ||
| 003 | GBCCL | ||
| 005 | 20241126110414.0 | ||
| 008 | 760601r19741988stk b 001 0 eng d | ||
| 020 | _a0851511872 | ||
| 020 | _a9780851511870 | ||
| 029 | 1 |
_aAU@ _b000010790327 |
|
| 029 | 1 |
_aNLGGC _b256442398 |
|
| 035 | _a(OCoLC)ocm02204069 | ||
| 035 | _a(OCoLC)2204069 | ||
| 040 |
_aBCT _beng _cBCT _dOCLCG _dTDT _dOCLCQ _dOCLCF _dOCLCQ _dOCLCO _dLBB |
||
| 049 |
_aLBBA _aLBBC |
||
| 050 | 4 |
_aBT121 _b.S62 1974 |
|
| 082 | 0 | 4 |
_a231.3 _bSME |
| 090 |
_aBT121 _b.S62 1974 |
||
| 100 | 1 |
_aSmeaton, George, _d1814-1889. _94058 |
|
| 245 | 1 | 4 |
_aThe doctrine of the Holy Spirit / _cGeorge Smeaton. |
| 250 | _a2d ed. | ||
| 260 |
_aEdinburgh ; _aCarlisle, Pa. : _bBanner of Truth Trust, _c1997, c1974. |
||
| 300 |
_aix, 418 pages ; _c23 cm |
||
| 336 |
_atext _btxt _2rdacontent |
||
| 337 |
_aunmediated _bn _2rdamedia |
||
| 338 |
_avolume _bnc _2rdacarrier |
||
| 500 | _aReprint of 2d ed., Edinburgh : T. & T. Clark, 1889. | ||
| 504 | _aIncludes bibliographical references and indexes. | ||
| 650 | 0 |
_aHoly Spirit. _9225 |
|
| 650 | 7 |
_aHoly Spirit. _2fast _0(OCoLC)fst00959009 _9225 |
|
| 942 |
_2ddc _cBK _014 |
||
| 999 |
_c1965 _d1965 |
||